00545 2200193 4500001002100000008004100021035002000062245006600082100002000148250001000168260004400178300003100222020002200253084001600275082001000291650002600301990001200327990001200339INLIS000000000015050 ind  a0010-1222000129 aSay Yes to Homemade SnackcRidha Innatika;editor, Weka Swasti aRIDHA, Innatika acet.1 aStiletto Indie BookbYogyakarta :c2018 ax, 123 hlm.: ilus.c19 cm. a978-602-7572-80-5 a641.5 RID s a641.5 aMAKANAN.RESEP MASAKAN a10258 a a10258 b